| 000 | 00952nam a2200253 i 4500 | ||
|---|---|---|---|
| 001 | 000038470 | ||
| 003 | DO-SdBNP | ||
| 005 | 20251120124902.0 | ||
| 007 | ta | ||
| 008 | 130412s1993 dr 000 0 spa d | ||
| 040 |
_aDO-SdBNP _bspa _cBNPHU _erda |
||
| 041 | _aspa | ||
| 082 | 4 |
_axxx _bxxx _222 |
|
| 111 | 1 |
_aEncuentro Interamericano de auditores internos _n(4 : _d1993, sep. 9, 10, 11, 12 _cSanto Domingo) _964817 |
|
| 245 | 1 | 0 |
_aIV Encuentro interamericano de auditores internos : _bel auditor interno frente al nuevo orden económico. |
| 246 |
_aCuarto encuentro interamericano de auditores internos : _bel auditor interno frente al nuevo orden económico. |
||
| 264 | 1 |
_aSanto Domingo : _bInstituto de Auditores Internos, _c1993?. |
|
| 300 |
_a200 páginas ; _c22 cm. |
||
| 336 |
_atexto _btxt _2rdacontent |
||
| 337 |
_asin mediación _bn _2rdamedia |
||
| 338 |
_avolumen _bnc _2rdacarrier |
||
| 590 | _aInventariado, 2025/BT | ||
| 942 |
_2ddc _cLBS1 |
||
| 999 |
_c37960 _d37960 |
||